Macrofungi of Acharya Jagadish Chandra Bose Indian Botanic Garden: (Record no. 211736)

MARC details
000 -LEADER
fixed length control field 00853nam a22002297a 4500
005 - DATE AND TIME OF LATEST TRANSACTION
control field 20250611143901.0
010 ## - LCCN (DPL NO)
LC control number ENG-145329
020 ## - INTERNATIONAL STANDARD BOOK NUMBER
International Standard Book Number 9788194114024
Terms of availability 1000.00
035 ## - SYSTEM CONTROL NUMBER
System control number EN-128861
037 ## - SOURCE OF ACQUISITION
Source of stock number/acquisition DBAD
082 00 - DEWEY DECIMAL CLASSIFICATION NUMBER
Classification number 589.2
Edition number 1
100 ## - MAIN ENTRY--PERSONAL NAME
Personal name Das, Kanad
245 00 - TITLE STATEMENT
Title Macrofungi of Acharya Jagadish Chandra Bose Indian Botanic Garden:
Remainder of title A Pictorial Guide/
Statement of responsibility, etc Kanad Das
250 ## - EDITION STATEMENT
Edition statement 1
260 ## - PUBLICATION, DISTRIBUTION, ETC. (IMPRINT)
Place of publication, distribution, etc Kolkata
Name of publisher, distributor, etc ENVIS Resource Partner on Biodiversity, Botanical Survey of India,
Date of publication, distribution, etc 2019
270 ## - ADDRESS
Address Ministry of Environment, Forest and Climate Change, Government of India
City Kolkata
Postal code 700064
300 ## - PHYSICAL DESCRIPTION
Extent 185p.
Other physical details ill. (some col.), maps ;
Dimensions 24 cm.(Hb)
700 ## - ADDED ENTRY--PERSONAL NAME
Personal name Arvind Parihar
Relator term Author
9 (RLIN) 81895
700 ## - ADDED ENTRY--PERSONAL NAME
Personal name Manoj Emanual Hembrom
9 (RLIN) 81896
710 2# - ADDED ENTRY--CORPORATE NAME
Corporate name or jurisdiction name as entry element Botanical Survey of India.
9 (RLIN) 77449
942 ## - ADDED ENTRY ELEMENTS (KOHA)
Source of classification or shelving scheme Dewey Decimal Classification
Item type English Books
Classification part 589.2
Call number suffix DAS
Holdings
Withdrawn status Lost status Not for loan Collection code Home library Current library Date acquired Source of acquisition Cost, normal purchase price Full call number Barcode Copy number Cost, replacement price Koha item type
      Non-fiction Mobile Library Mobile Library 11/06/2025 Delivery of Books Act Division 1000.00 589.2 DAS EN-128861 1 1000.00 English Books

© Delhi Public Library
Hit Counter
free hit counter